A bad bride's tale / (Record no. 328556)

000 -LEADER
fixed length control field 01476cam a2200313 a 4500
001 - CONTROL NUMBER
control field 15200032
003 - CONTROL NUMBER IDENTIFIER
control field Nust
005 - DATE AND TIME OF LATEST TRANSACTION
control field 20170412100520.0
008 - FIXED-LENGTH DATA ELEMENTS--GENERAL INFORMATION
fixed length control field 080229s2008 nyu 000 1 eng
010 ## - LIBRARY OF CONGRESS CONTROL NUMBER
LC control number 2008008780
020 ## - INTERNATIONAL STANDARD BOOK NUMBER
International Standard Book Number 9780751540550
035 ## - SYSTEM CONTROL NUMBER
System control number (OCoLC)ocn179826553
040 ## - CATALOGING SOURCE
Original cataloging agency DLC
Transcribing agency DLC
Modifying agency YDX
-- BTCTA
-- BAKER
-- YDXCP
-- OCO
-- UPZ
-- ABG
-- CQU
-- DLC
050 00 - LIBRARY OF CONGRESS CALL NUMBER
Classification number PR6123.I5527
Item number B34 2008
082 00 - DEWEY DECIMAL CLASSIFICATION NUMBER
Classification number 823.92
Author Mark WIL
100 1# - MAIN ENTRY--PERSONAL NAME
Personal name Williams, Polly,
Dates associated with a name 1971-
245 12 - TITLE STATEMENT
Title A bad bride's tale /
Statement of responsibility, etc. Polly Williams.
250 ## - EDITION STATEMENT
Edition statement 1st ed.
260 ## - PUBLICATION, DISTRIBUTION, ETC.
Place of publication, distribution, etc. New York :
Name of publisher, distributor, etc. Hyperion,
Date of publication, distribution, etc. 2008.
300 ## - PHYSICAL DESCRIPTION
Extent 341 p. ;
Dimensions 25 cm.
520 ## - SUMMARY, ETC.
Summary, etc. What happens when you meet the wrong man at the right time? Two weeks before her wedding, Stevie Jonson, a successful graphic designer in her mid-thirties, has got serious jitters. Is she finally growing up, or compromising horribly? In love or in denial?
650 #0 - SUBJECT ADDED ENTRY--TOPICAL TERM
Topical term or geographic name entry element Marriage
Form subdivision Fiction.
655 #0 - INDEX TERM--GENRE/FORM
Genre/form data or focus term Chick lit.
655 #7 - INDEX TERM--GENRE/FORM
Genre/form data or focus term Love stories.
Source of term gsafd
856 42 - ELECTRONIC LOCATION AND ACCESS
Materials specified Publisher description
Uniform Resource Identifier <a href="http://www.loc.gov/catdir/enhancements/fy1204/2008008780-d.html">http://www.loc.gov/catdir/enhancements/fy1204/2008008780-d.html</a>
856 42 - ELECTRONIC LOCATION AND ACCESS
Materials specified Contributor biographical information
Uniform Resource Identifier <a href="http://www.loc.gov/catdir/enhancements/fy1309/2008008780-b.html">http://www.loc.gov/catdir/enhancements/fy1309/2008008780-b.html</a>
906 ## - LOCAL DATA ELEMENT F, LDF (RLIN)
a 7
b cbc
c orignew
d 1
e ecip
f 20
g y-gencatlg
942 ## - ADDED ENTRY ELEMENTS (KOHA)
Source of classification or shelving scheme
Koha item type Book
Holdings
Withdrawn status Lost status Source of classification or shelving scheme Damaged status Not for loan Permanent Location Current Location Shelving location Date acquired Total Checkouts Full call number Barcode Date last seen Date last checked out Copy number Price effective from Koha item type
          Central Library (CL) Central Library (CL) Fiction 04/12/2017 1 823.92 WIL CL1367 10/26/2024 04/01/2019 1 04/12/2017 Book
© 2023 Central Library, National University of Sciences and Technology. All Rights Reserved.